8 mots dans mots : roc (mort subite) - Statistiques

Statistiques générales
  • Ce quiz a été pris 58 fois
  • Le résultat moyen est 6 sur 8
Answers on the Grid
Answers color-coded by a green-red scale on the quiz's grid according to % correct below.
Neu---hirurgienne
Inde---uctiblement
Res---cturer
Acc---he-poisson
P---essionnellement
St---turellement
P---ureur-général
Infr---ueusement
C---tructibilité
Elect---oagulation
Autode---uctrice
Supe---ructure
Fib---artilagineux
Irrép---habilité
E---onstruction
Elect---ardiogramme
 
Statistiques - réponses
Réponse % Correct
Neu---hirurgienne
86%
Elect---oagulation
82%
P---ureur-général
80%
Elect---ardiogramme
74%
Fib---artilagineux
70%
Acc---he-poisson
68%
Irrép---habilité
60%
P---essionnellement
42%
Aucun quiz correspondant
Distribution des résultats
% des personnes avec chaque résultat
Percentile par nombre de réponses
Votre historique - résultats
Vous n’avez pas pris ce quiz